000 00914nam a22002411 4500
005 2009052708568.0
008 710622s1966 enka 000 0 eng
010 _aENG-93755
020 _c398.00
035 _aEN-77288
037 _bDBAD / PUB
040 _adpl
_bEnglish
082 _a332.4
100 _aDesai, Vasant
245 _aFinancial markets and financial services:
_cby Vasant Desai
_bensuring growth, enhancing value /
260 _aNew Delhi
_bHimalaya Publishing House
_c2009
270 _aPooja Apartment, 4-B, Murari Lal Street, Ansari Road, Daryaganj
_bNew Delhi
_e110002
300 _a600p.
_c30cm(pbk)
650 _aCapital market
650 _aMoney
942 _2ddc
_cEN
_h332.4
_mDES
999 _c26860
_d26860